[Event "HUN-chT2 Toth 0809"]
[Site "Hungary"]
[Date "2009.02.22"]
[Round "8.7"]
[White "Szel, Sandor"]
[Black "Babinszki, Janos"]
[Result "0-1"]
[WhiteElo "2058"]
[BlackElo "1796"]
[PlyCount "80"]
[EventDate "2008.10.26"]
[EventType "team-tourn"]
[EventRounds "11"]
[EventCountry "HUN"]
[SourceTitle "EXT 2010"]
[Source "ChessBase"]
[SourceDate "2010.11.25"]
[SourceVersion "1"]
[SourceVersionDate "2010.11.25"]
[SourceQuality "1"]
[WhiteTeam "Kisujszallas"]
[BlackTeam "Mezobereny"]
[WhiteTeamCountry "HUN"]
[BlackTeamCountry "HUN"]

1. e4 d6 2. d4 Nf6 3. Nc3 g6 4. g3 Bg7 5. Bg2 0-0 6. Nge2 Nc6 7. 0-0 e5 8. dxe5 Nxe5 9. Nd5 Nxd5 10. Qxd5 Bg4 11. f3 Be6 12. Qd1 Bc4 13. Be3 Qe7 14. b3 Ba6 15. Rc1 f5 16. c4 fxe4 17. Qd5+ Kh8 18. fxe4 c6 19. Qd2 b5 20. Qa5 Qb7 21. Rxf8+ Rxf8 22. cxb5 Bxb5 23. Nd4 Ng4 24. Nxb5 Nxe3 25. Nxd6 Qd7 26. Qc5 Nxg2 27. Kxg2 Qg4 28. Qc4 Qf3+ 29. Kh3 Qh5+ 30. Kg2 Qf3+ 31. Kh3 Be5 32. Qe6 Bd4 33. Qe7 Qh5+ 34. Qh4 Qe5 35. Rxc6 g5 36. Qg4 Qf6 37. Qd7 Qf1+ 38. Kg4 Qf3+ 39. Kxg5 Rg8+ 40. Kh4 Bf6+ 0-1